[Event "C.to Regionale Veneto"]
[Site "Arqua' Petrarca ITA"]
[Date "2006.05.13"]
[Round "4"]
[White "Pomaro, Alberto"]
[Black "Pechy, Alaster"]
[Result "1/2-1/2"]
[WhiteElo "2011"]
[BlackElo "2199"]
[PlyCount "40"]
[EventDate "2006.05.06"]

1. d4 d5 2. c4 e6 3. Nc3 Nf6 4. Bg5 c6 5. cxd5 exd5 6. e3 Be7 7. Bd3 O-O 8. Nf3
Nbd7 9. O-O Re8 10. Rb1 a5 11. a3 h6 12. Bf4 Nf8 13. Qc2 Bd6 14. Bxd6 Qxd6 15.
Ne5 Ng4 16. Nf3 Nf6 17. b4 axb4 18. axb4 Be6 19. Na4 N6d7 20. Rfc1 Bg4 1/2-1/2

[Event "C.to Regionale Veneto"]
[Site "Arqua' Petrarca ITA"]
[Date "2006.05.13"]
[Round "4"]
[White "Pomaro, Stefano"]
[Black "Guclu, Yaman"]
[Result "0-1"]
[WhiteElo "1933"]
[BlackElo "2027"]
[PlyCount "38"]
[EventDate "2006.05.06"]

1. e4 e5 2. Nf3 Nc6 3. Nc3 Nf6 4. Bb5 Nd4 5. Ba4 Bc5 6. Nxe5 O-O 7. O-O d6 8.
Nd3 Bg4 9. Qe1 Qc8 10. Nxc5 Nf3+ 11. gxf3 Bxf3 12. Nd7 Nxd7 13. Qe3 Ne5 14. Qf4
f5 15. Nd5 Kh8 16. Ne7 Qd8 17. Nxf5 g6 18. Qh4 gxf5 19. Qxd8 Rg8+ 0-1

[Event "C.to Regionale Veneto"]
[Site "Arqua' Petrarca ITA"]
[Date "2006.05.13"]
[Round "4"]
[White "Quaranta, Gaetano"]
[Black "Zanirato, Stefano"]
[Result "1-0"]
[WhiteElo "1619"]
[BlackElo "1979"]
[PlyCount "123"]
[EventDate "2006.05.06"]

1. e4 Nc6 2. d4 d5 3. Nc3 Nf6 4. e5 Ng8 5. Nf3 Bf5 6. a3 a6 7. Bd3 Bxd3 8. Qxd3
e6 9. O-O Be7 10. Re1 g5 11. Be3 g4 12. Nd2 h5 13. Nf1 Bg5 14. Ne2 Nh6 15. Bxg5
Qxg5 16. c4 Rd8 17. cxd5 Rxd5 18. Ne3 Rd8 19. Rad1 h4 20. Qb3 Nf5 21. Nxf5 Qxf5
22. Qxb7 Ne7 23. Qxa6 Nd5 24. Qd3 Qh5 25. Rd2 Ke7 26. Qe4 Qg5 27. Rc2 g3 28.
fxg3 hxg3 29. Nxg3 Rh4 30. Qd3 Rdh8 31. Nf1 Rg4 32. Qd2 Qg6 33. Ne3 Nxe3 34.
Rxe3 Rc8 35. Rec3 Kd8 36. d5 exd5 37. Qxd5+ Ke8 38. h3 Rg3 39. Qc6+ Qxc6 40.
Rxc6 Kd7 41. a4 Re3 42. R6c5 Rb3 43. a5 Rb7 44. a6 Ra7 45. Rc6 Re8 46. Rf6 Rxe5
47. Rxf7+ Kd6 48. Rf6+ Ke7 49. Rfc6 Kd7 50. g4 Ra5 51. Kf2 R5xa6 52. Rxa6 Rxa6
53. Re2 Rb6 54. Kg3 Rb3+ 55. Kh4 Rb4 56. Kh5 Rb3 57. h4 Rg3 58. g5 Kd6 59. Kh6
Kd5 60. g6 Kd4 61. h5 Kd3 62. Re8 1-0

[Event "C.to Regionale Veneto"]
[Site "Arqua' Petrarca ITA"]
[Date "2006.05.13"]
[Round "4"]
[White "Roberti, Ignazio"]
[Black "Bonafede, Alessandro"]
[Result "0-1"]
[WhiteElo "1946"]
[BlackElo "2161"]
[PlyCount "88"]
[EventDate "2006.05.06"]

1. e4 c5 2. Nf3 Nc6 3. b3 d6 4. Bb2 e6 5. Bb5 Bd7 6. O-O Nf6 7. Re1 Be7 8. d4
cxd4 9. Nxd4 O-O 10. Nc3 Qa5 11. Bf1 Rac8 12. Ndb5 Ne5 13. a3 a6 14. b4 Qb6 15.
Qd4 Qxd4 16. Nxd4 Nc4 17. Bxc4 Rxc4 18. Rad1 Rfc8 19. Rd3 Ng4 20. f4 Bd8 21. h3
Bb6 22. hxg4 Bxd4+ 23. Rxd4 Rxd4 24. Nd5 Rxd5 25. exd5 Rxc2 26. Bd4 Rd2 27. Re4
Kf8 28. dxe6 fxe6 29. Bc3 Ra2 30. Re3 Kf7 31. Bd4 Bc6 32. g3 Rd2 33. Bc3 Rc2
34. Bd4 h6 35. Rd3 g5 36. Bf2 Rc1+ 37. Be1 Rxe1+ 38. Kf2 Re4 39. Rxd6 gxf4 40.
gxf4 Rxf4+ 41. Kg3 Rf3+ 42. Kh4 Rxa3 43. g5 hxg5+ 44. Kxg5 a5 0-1

[Event "C.to Regionale Veneto"]
[Site "Arqua' Petrarca ITA"]
[Date "2006.05.13"]
[Round "4"]
[White "Rosina, Graziano"]
[Black "Brugnaro, Luca"]
[Result "1-0"]
[WhiteElo "1772"]
[BlackElo "1332"]
[PlyCount "41"]
[EventDate "2006.05.06"]

1. e4 d5 2. exd5 Qxd5 3. Nc3 Qd6 4. d4 a6 5. Nf3 Bg4 6. Be2 Nf6 7. O-O e6 8.
Be3 Be7 9. Qd2 b5 10. Bf4 Qb6 11. Be5 Nbd7 12. Qf4 Bd6 13. Ne4 Nxe4 14. Qxe4
Bxf3 15. Bxf3 O-O 16. Qg4 Bxe5 17. Bxa8 Rxa8 18. dxe5 Nxe5 19. Qe4 Nc6 20. Rfd1
f5 21. Qxe6+ 1-0

[Event "C.to Regionale Veneto"]
[Site "Arqua' Petrarca ITA"]
[Date "2006.05.13"]
[Round "4"]
[White "Rossi, Carlo"]
[Black "Rossato, Armando"]
[Result "1-0"]
[WhiteElo "2341"]
[BlackElo "2087"]
[PlyCount "145"]
[EventDate "2006.05.06"]

1. e4 d5 2. Nc3 d4 3. Nce2 c5 4. Ng3 Nc6 5. Bc4 Nf6 6. f4 e5 7. d3 h5 8. Nf3 h4
9. Ne2 Bg4 10. h3 Bxf3 11. gxf3 Qc7 12. a4 Bd6 13. fxe5 Nxe5 14. Bb5+ Nc6 15.
f4 O-O-O 16. e5 Nxe5 17. fxe5 Bxe5 18. O-O Nh5 19. Bg5 f6 20. Bf4 Rdf8 21. Bxe5
fxe5 22. Rxf8+ Rxf8 23. Nc3 Nf4 24. Qg4+ Kb8 25. Ne4 Qe7 26. Qd7 Ne2+ 27. Kg2
Nf4+ 28. Kh2 Qxd7 29. Bxd7 Kc7 30. Bg4 b6 31. a5 Nd5 32. axb6+ Kxb6 33. Be6 Ne3
34. c3 Nf1+ 35. Kg1 Ne3 36. Nd2 Rf6 37. Nc4+ Nxc4 38. Bxc4 Rg6+ 39. Kh2 Rg3 40.
Ra6+ Kb7 41. Re6 Re3 42. cxd4 cxd4 43. b4 g5 44. b5 Re2+ 45. Kg1 Re1+ 46. Kf2
Re3 47. Rg6 Rxh3 48. Rxg5 Re3 49. Rh5 h3 50. Rh6 Kc7 51. Ra6 Kb8 52. Rh6 e4 53.
dxe4 Rxe4 54. Rxh3 Kc7 55. Rh6 Re5 56. Rc6+ Kd8 57. Rd6+ Kc7 58. Rxd4 Kb6 59.
Be2 Re7 60. Ke1 Kc5 61. Rd8 Kb6 62. Kd2 Rc7 63. Bd3 Kc5 64. Kc3 Kb6+ 65. Kb4
Rc1 66. Rd6+ Kc7 67. Rg6 Kb8 68. Bc4 Kb7 69. Kc5 Rc2 70. Rh6 Re2 71. Bd5+ Kb8
72. Rh8+ Kc7 73. Rh7+ 1-0

[Event "C.to Regionale Veneto"]
[Site "Arqua' Petrarca ITA"]
[Date "2006.05.13"]
[Round "4"]
[White "Sanavio, Giancarlo"]
[Black "Alessi, Giovanni"]
[Result "1-0"]
[WhiteElo "1808"]
[BlackElo "1640"]
[PlyCount "67"]
[EventDate "2006.05.06"]

1. Nf3 d5 2. c4 d4 3. b4 e6 4. Bb2 c5 5. e3 dxe3 6. fxe3 cxb4 7. d4 Nc6 8. Bd3
Nf6 9. O-O Qc7 10. Nbd2 Bd7 11. e4 g6 12. d5 Ng4 13. dxc6 Ne3 14. cxd7+ Kd8 15.
Qe2 Bc5 16. Bd4 Nxf1 17. Rxf1 h5 18. Qe3 Bxd4 19. Qxd4 Rh7 20. Ng5 e5 21. Qd5
Qxd7 22. Nxf7+ Rxf7 23. Rxf7 Qxd5 24. exd5 Ke8 25. Bxg6 Rd8 26. Rh7+ Kf8 27.
Rh8+ Ke7 28. Rxd8 Kxd8 29. Bxh5 Ke7 30. Bg4 a5 31. h4 a4 32. Bd1 a3 33. Nb3 b6
34. h5 1-0

[Event "C.to Regionale Veneto"]
[Site "Arqua' Petrarca ITA"]
[Date "2006.05.13"]
[Round "4"]
[White "Santacaterina, Pietro"]
[Black "De Marchi, Alessandro"]
[Result "1/2-1/2"]
[WhiteElo "1598"]
[BlackElo "1600"]
[PlyCount "58"]
[EventDate "2006.05.06"]

1. d4 Nf6 2. Bg5 h6 3. Bxf6 exf6 4. c4 Bb4+ 5. Nc3 O-O 6. e3 d5 7. Qb3 Bxc3+ 8.
Qxc3 c6 9. Bd3 Re8 10. Ne2 f5 11. O-O g6 12. cxd5 cxd5 13. Rac1 Nc6 14. b4 Be6
15. Qb3 Qb6 16. a3 a5 17. Rc5 axb4 18. Rb5 Qa7 19. axb4 Qa3 20. Qb1 Ra4 21.
Rxb7 Rxb4 22. Rxb4 Nxb4 23. Nf4 Rc8 24. h4 g5 25. hxg5 hxg5 26. Nxe6 fxe6 27.
Rd1 Nxd3 28. Qxd3 Qxd3 29. Rxd3 Kg7 1/2-1/2

[Event "C.to Regionale Veneto"]
[Site "Arqua' Petrarca ITA"]
[Date "2006.05.13"]
[Round "4"]
[White "Solinas, Carlo"]
[Black "Colpo, Raffaele"]
[Result "1-0"]
[WhiteElo "2068"]
[BlackElo "1645"]
[PlyCount "75"]
[EventDate "2006.05.06"]

1. e4 e6 2. d4 d5 3. Nc3 Nf6 4. e5 Nfd7 5. Qh5 c5 6. Nf3 cxd4 7. Bg5 Be7 8.
Bxe7 Qxe7 9. Nb5 Kd8 10. O-O-O Nc6 11. Bd3 g6 12. Qh6 f6 13. exf6 Qxf6 14. Ng5
Nde5 15. Kb1 Ke7 16. f4 Ng4 17. Qh4 Ne3 18. Rd2 a6 19. Na3 Bd7 20. Re1 b5 21.
Ka1 b4 22. Nb1 a5 23. Rde2 a4 24. a3 bxa3 25. Nxa3 Na5 26. Qf2 Rab8 27. g3 Nac4
28. Bxc4 dxc4 29. Ne4 Qg7 30. c3 e5 31. Rxe3 dxe3 32. Qxe3 Rhe8 33. Qc5+ Kd8
34. Qa5+ Ke7 35. fxe5 Kf8 36. Nf6 Re6 37. Qc7 Rxf6 38. Qxb8+ 1-0

[Event "C.to Regionale Veneto"]
[Site "Arqua' Petrarca ITA"]
[Date "2006.05.13"]
[Round "4"]
[White "Troise, Salvatore"]
[Black "Quaranta, Cristiano"]
[Result "0-1"]
[WhiteElo "1679"]
[BlackElo "2083"]
[PlyCount "84"]
[EventDate "2006.05.06"]

1. e4 c5 2. Nf3 d6 3. d4 cxd4 4. Nxd4 Nf6 5. Nc3 a6 6. Be2 e6 7. Be3 Qc7 8. O-O
Be7 9. f4 Nc6 10. Qe1 O-O 11. Qg3 Rd8 12. Rad1 b5 13. a3 Bb7 14. Nxc6 Bxc6 15.
Bd4 Qb7 16. Bf3 g6 17. Rfe1 d5 18. exd5 Nxd5 19. Nxd5 Bxd5 20. Bxd5 Rxd5 21. c3
Rad8 22. Re3 a5 23. Red3 Qd7 24. Qe3 f6 25. Re1 e5 26. fxe5 fxe5 27. Rd2 Bf8
28. Rde2 exd4 29. cxd4 Rxd4 30. Qb3+ Qd5 31. Qh3 Rd1 32. Kh1 Rxe1+ 33. Rxe1 a4
34. Qg4 Qf5 35. Qe2 Qd5 36. Qg4 Bg7 37. Qe2 Qd2 38. Qe6+ Kh8 39. h3 Qxb2 40.
Rf1 Qe5 41. Qb6 Re8 42. Qb7 Bf8 0-1

[Event "C.to Regionale Veneto"]
[Site "Arqua' Petrarca ITA"]
[Date "2006.05.13"]
[Round "4"]
[White "Valentini, Paola"]
[Black "Dussin, Davide"]
[Result "1/2-1/2"]
[WhiteElo "1986"]
[BlackElo "1718"]
[PlyCount "83"]
[EventDate "2006.05.06"]

1. c4 Nf6 2. Nc3 g6 3. g3 Bg7 4. Bg2 d6 5. d4 c6 6. Nf3 Nbd7 7. O-O O-O 8. b4
e5 9. dxe5 dxe5 10. Bg5 Qc7 11. Qc2 Nb6 12. Nd2 Be6 13. Bxf6 Bxf6 14. Nce4 Bg7
15. Nc5 Qe7 16. Nxe6 Qxe6 17. Rab1 Rfd8 18. a4 Nxa4 19. b5 Nc5 20. bxc6 bxc6
21. Nb3 Nxb3 22. Rxb3 Rd4 23. c5 Rc4 24. Rc3 Rxc3 25. Qxc3 e4 26. Qb4 Re8 27.
e3 Bf8 28. Rc1 Qe5 29. Bf1 Rb8 30. Qc3 Qf5 31. Be2 Bg7 32. Qc4 Rb2 33. Kg2 h5
34. h4 a5 35. Rc2 Rxc2 36. Qxc2 Bf8 37. Qa4 Qxc5 38. Qxe4 Be7 39. Bc4 Kg7 40.
Qd3 Qd6 41. Qc3+ Qf6 42. Qxa5 1/2-1/2

[Event "C.to Regionale Veneto"]
[Site "Arqua' Petrarca ITA"]
[Date "2006.05.14"]
[Round "5"]
[White "Alessi, Giovanni"]
[Black "Belloni, Umberto"]
[Result "0-1"]
[WhiteElo "1640"]
[BlackElo "1915"]
[PlyCount "96"]
[EventDate "2006.05.06"]

1. e4 e6 2. g3 d5 3. Bg2 Nf6 4. e5 Nfd7 5. Nf3 b6 6. O-O c5 7. c3 Nc6 8. d4 Bb7
9. Bf4 h6 10. h4 Be7 11. Qd2 c4 12. a4 Na5 13. Qe3 Nb3 14. Ra2 Nb8 15. Nbd2
Nxd2 16. Qxd2 Nc6 17. Rb1 Na5 18. Qe3 Bc6 19. Nd2 g5 20. hxg5 hxg5 21. b4 Nb7
22. Nxc4 gxf4 23. Qxf4 Rc8 24. Nb2 Rc7 25. Qf3 Qc8 26. Nd1 Bd7 27. Bf1 Kf8 28.
a5 b5 29. a6 Nd8 30. Bd3 Rxc3 31. Nxc3 Qxc3 32. Rc2 Qxd4 33. Qe2 Qb6 34. Ra2 f5
35. exf6 Bxf6 36. Rc1 Bd4 37. Qf3+ Ke7 38. Rcc2 Nf7 39. Qd1 e5 40. Rd2 Qh6 41.
Qf3 Qh2+ 42. Kf1 Bh3+ 43. Ke2 Bg2 44. Qg4 e4 45. Bxb5 Bf3+ 46. Qxf3 exf3+ 47.
Kxf3 Qh1+ 48. Kg4 Be5 0-1

[Event "C.to Regionale Veneto"]
[Site "Arqua' Petrarca ITA"]
[Date "2006.05.14"]
[Round "5"]
[White "Bagolin, Renzo"]
[Black "Santacaterina, Pietro"]
[Result "1-0"]
[WhiteElo "1700"]
[BlackElo "1598"]
[PlyCount "73"]
[EventDate "2006.05.06"]

1. c4 c5 2. Nc3 Nc6 3. g3 Nf6 4. Bg2 e6 5. e4 a6 6. d3 d6 7. f4 Be7 8. Nge2 O-O
9. O-O Qc7 10. a3 Rb8 11. a4 Nd4 12. Kh1 b5 13. axb5 axb5 14. Nxd4 cxd4 15.
Nxb5 Qc5 16. Bd2 d5 17. e5 Nd7 18. b3 dxc4 19. bxc4 Bb7 20. Qe2 Qb6 21. Bxb7
Qxb7+ 22. Qg2 Nc5 23. Ra7 Qxg2+ 24. Kxg2 Nb7 25. Rfa1 f6 26. exf6 Rxf6 27. Nxd4
Bc5 28. Nc6 Bxa7 29. Rxa7 Rf7 30. Nxb8 Nc5 31. Rxf7 Kxf7 32. d4 Nb3 33. Be3 h6
34. Kf3 Ke7 35. Nc6+ Kd6 36. Ne5 Na5 37. Ke4 1-0

[Event "C.to Regionale Veneto"]
[Site "Arqua' Petrarca ITA"]
[Date "2006.05.14"]
[Round "5"]
[White "Baldi, Giancarlo"]
[Black "De Marchi, Alessandro"]
[Result "1-0"]
[WhiteElo "1692"]
[BlackElo "1600"]
[PlyCount "109"]
[EventDate "2006.05.06"]

1. Nf3 Nf6 2. d4 g6 3. Bg5 Bg7 4. Nbd2 O-O 5. e3 h6 6. Bh4 d6 7. Bd3 Nbd7 8.
O-O g5 9. Bg3 Re8 10. h3 e5 11. dxe5 dxe5 12. e4 c6 13. Nc4 Qc7 14. Re1 b5 15.
Ncd2 a6 16. c3 c5 17. Nf1 c4 18. Bc2 Bb7 19. N1d2 Rad8 20. Qe2 Nc5 21. Nd4 Qd7
22. N4f3 Nh7 23. Rad1 Qe7 24. Nf1 Rxd1 25. Rxd1 f6 26. Ne3 Bc8 27. Nh2 Rd8 28.
f3 Be6 29. Bf2 Nb7 30. Nhf1 Qc7 31. Ng3 Nf8 32. Ngf5 Ng6 33. g3 Ne7 34. Rd2
Bxf5 35. exf5 Rd6 36. Be4 Nc5 37. Qd1 Nxe4 38. fxe4 Rxd2 39. Qxd2 Kf8 40. Kg2
Ke8 41. Kf3 Qd7 42. Qxd7+ Kxd7 43. Kg4 a5 44. Kh5 a4 45. Ng4 Ng8 46. Kg6 Bf8
47. Nxf6+ Nxf6 48. Kxf6 a3 49. bxa3 Bxa3 50. Kxe5 b4 51. Kd4 b3 52. axb3 cxb3
53. Kd3 b2 54. Kc2 Kd6 55. Bd4 1-0

[Event "C.to Regionale Veneto"]
[Site "Arqua' Petrarca ITA"]
[Date "2006.05.14"]
[Round "5"]
[White "Battiston, Gianfranco"]
[Black "Fabrello, Alessandro"]
[Result "0-1"]
[WhiteElo "1652"]
[BlackElo "1560"]
[PlyCount "74"]
[EventDate "2006.05.06"]

1. e4 e5 2. Nf3 Nc6 3. Bb5 Nge7 4. Nc3 a6 5. Ba4 b5 6. Bb3 Bb7 7. O-O Na5 8.
Bxf7+ Kxf7 9. Nxe5+ Kg8 10. Qf3 Qe8 11. d3 Nac6 12. Ng4 Nd4 13. Qg3 Ng6 14. Be3
Bd6 15. e5 Bxe5 16. Nxe5 Nf5 17. Qg4 Qxe5 18. Rae1 Nxe3 19. Rxe3 Qd6 20. Rfe1
Nf8 21. Rg3 g6 22. Rge3 h5 23. Qg5 Rh7 24. Ne4 Bxe4 25. Rxe4 Rg7 26. f4 Nh7 27.
Qh4 Rf8 28. h3 Qc5+ 29. d4 Qxc2 30. Re7 Qf5 31. Rxg7+ Kxg7 32. Re7+ Rf7 33.
Rxf7+ Qxf7 34. Qd8 c6 35. g3 Nf6 36. Qa5 Qc4 37. Qxa6 Qxd4+ 0-1

[Event "C.to Regionale Veneto"]
[Site "Arqua' Petrarca ITA"]
[Date "2006.05.14"]
[Round "5"]
[White "Bellini, Luca"]
[Black "Fracasso Pezzolato, Michele"]
[Result "0-1"]
[WhiteElo "1715"]
[BlackElo "1945"]
[PlyCount "110"]
[EventDate "2006.05.06"]

1. d4 Nf6 2. c4 c5 3. d5 d6 4. Nc3 e6 5. Bg5 Be7 6. e4 Nxd5 7. Bxe7 Nxe7 8. Nb5
d5 9. cxd5 exd5 10. exd5 O-O 11. Bc4 a6 12. Nc3 b5 13. Bd3 Re8 14. Nge2 Bb7 15.
O-O Nxd5 16. Re1 Nf6 17. Qc2 Nc6 18. Rad1 Nb4 19. Qb1 Nxd3 20. Rxd3 Qc7 21. f3
c4 22. Rd2 Re5 23. Ng3 Qc5+ 24. Kf1 Rae8 25. Rde2 Rxe2 26. Rxe2 Rxe2 27. Ngxe2
b4 28. Nd1 Qe5 29. Qc1 Bd5 30. Ne3 Qxh2 31. Qd2 Qh1+ 32. Kf2 Qh4+ 33. Ng3 Qg5
34. Qxb4 g6 35. Qd6 h5 36. Qxa6 h4 37. Ne2 Qe5 38. Nc3 Qg3+ 39. Kf1 Bxf3 40.
Qxf6 Bh5 41. Ncd5 h3 42. Ne7+ Kf8 43. N7f5 gxf5 44. Qh6+ Ke8 45. Qxh5 Qxe3 46.
Qxh3 Qc1+ 47. Kf2 Qxb2+ 48. Ke1 Qb1+ 49. Kd2 Qxa2+ 50. Kc1 Qa1+ 51. Kc2 Qa4+
52. Kc1 Qa1+ 53. Kc2 Qd4 54. Kc1 c3 55. Qxf5 Qd2+ 0-1

[Event "C.to Regionale Veneto"]
[Site "Arqua' Petrarca ITA"]
[Date "2006.05.14"]
[Round "5"]
[White "Bonafede, Alessandro"]
[Black "Caruso, Augusto"]
[Result "1-0"]
[WhiteElo "2161"]
[BlackElo "2274"]
[PlyCount "123"]
[EventDate "2006.05.06"]

1. e4 e6 2. d4 d5 3. e5 c5 4. c3 Nc6 5. Nf3 Qb6 6. a3 f6 7. b4 cxb4 8. cxb4
Nge7 9. Bd3 Bd7 10. Nc3 fxe5 11. dxe5 g6 12. Be3 Qd8 13. Nb5 Nc8 14. Qc2 Bg7
15. Bg5 Qb6 16. Bxg6+ Kf8 17. Bd3 Nxe5 18. Nxe5 Bxb5 19. Be3 Bxd3 20. Qxd3 Qd8
21. f4 Qh4+ 22. Bf2 Qh5 23. O-O Ne7 24. Bc5 b6 25. Bd6 Rd8 26. Bxe7+ Kxe7 27.
Nc6+ Kd6 28. Nxd8 Bxa1 29. Nxe6 Rg8 30. Rxa1 Kxe6 31. f5+ Kd6 32. Rd1 Qf7 33.
Qf3 Rd8 34. Rc1 Qf6 35. Qf4+ Ke7 36. Qc7+ Kf8 37. Qxh7 d4 38. Qg6 Qxg6 39. fxg6
Kg7 40. Kf2 Kxg6 41. Ke2 Kf5 42. Kd3 Ke5 43. Re1+ Kf5 44. Re4 Rg8 45. g3 a5 46.
Rxd4 Ra8 47. Kc4 Ke5 48. Rh4 a4 49. Kb5 Rb8 50. Rh5+ Kd4 51. Rh4+ Kc3 52. Kxa4
b5+ 53. Ka5 Kb3 54. Rh5 Kc4 55. Rc5+ Kd4 56. Rxb5 Ra8+ 57. Kb6 Rxa3 58. Rh5 Rf3
59. b5 Kc4 60. Kb7 Rf7+ 61. Ka6 Kb4 62. b6 1-0

[Event "C.to Regionale Veneto"]
[Site "Arqua' Petrarca ITA"]
[Date "2006.05.14"]
[Round "5"]
[White "Brugnaro, Luca"]
[Black "Chiesa, Roberto"]
[Result "0-1"]
[WhiteElo "1332"]
[BlackElo "1680"]
[PlyCount "90"]
[EventDate "2006.05.06"]

1. c4 e5 2. Nc3 Nc6 3. Nf3 g6 4. d4 exd4 5. Nxd4 Bg7 6. Nxc6 bxc6 7. Qc2 d5 8.
e4 d4 9. Na4 Ne7 10. Bg5 O-O 11. Bd3 f5 12. O-O fxe4 13. Bxe4 Bf5 14. Nc5 Qd6
15. b4 d3 16. Bxd3 Bxa1 17. Rxa1 Bxd3 18. Nxd3 Nf5 19. c5 Qd4 20. Re1 Rae8 21.
Qb3+ Qd5 22. Qc3 Rxe1+ 23. Nxe1 Nd4 24. Qb2 Qxg5 25. Qxd4 Qd5 26. Qe3 Qxa2 27.
h3 Qf7 28. Nd3 Re8 29. Ne5 Qf5 30. Qb3+ Qe6 31. Qxe6+ Rxe6 32. f4 g5 33. g3
gxf4 34. gxf4 Kg7 35. Kf2 Kf6 36. Kf3 Kf5 37. Ke3 Rh6 38. Kd4 Kxf4 39. Nf7 Rxh3
40. Nd8 Rh6 41. Nf7 Rf6 42. Ne5 Kg5 43. Nd7 Rf4+ 44. Kc3 h5 45. Nf8 Rxf8 0-1

[Event "C.to Regionale Veneto"]
[Site "Arqua' Petrarca ITA"]
[Date "2006.05.14"]
[Round "5"]
[White "Casciello, Dimitri"]
[Black "Rossato, Armando"]
[Result "0-1"]
[WhiteElo "2010"]
[BlackElo "2087"]
[PlyCount "52"]
[EventDate "2006.05.06"]

1. e4 d5 2. Nc3 d4 3. Nce2 c5 4. d3 Nc6 5. g3 e5 6. Bg2 Be6 7. Nf3 f6 8. O-O
Qd7 9. Nh4 g5 10. Nf5 h5 11. f4 gxf4 12. gxf4 O-O-O 13. Nh4 Nge7 14. f5 Bf7 15.
Ng3 Bh6 16. Bxh6 Rxh6 17. Qd2 Rdh8 18. a3 Kb8 19. Rfb1 R6h7 20. b4 c4 21. b5
Nd8 22. Qb4 c3 23. Qa5 Rg7 24. Bf3 Rg5 25. Rb4 b6 26. Qa6 Nb7 0-1

[Event "C.to Regionale Veneto"]
[Site "Arqua' Petrarca ITA"]
[Date "2006.05.14"]
[Round "5"]
[White "Colpo, Raffaele"]
[Black "Carlassara, Renato"]
[Result "0-1"]
[WhiteElo "1645"]
[BlackElo "1841"]
[PlyCount "96"]
[EventDate "2006.05.06"]

1. e4 e5 2. Nf3 Nc6 3. Bb5 a6 4. Ba4 Nf6 5. O-O Nxe4 6. d4 b5 7. Bb3 d5 8. dxe5
Be6 9. a3 Be7 10. Re1 O-O 11. Nbd2 Nc5 12. Ba2 Bg4 13. Nf1 d4 14. h3 Be6 15.
Bxe6 Nxe6 16. Re4 Ng5 17. Bxg5 Bxg5 18. Nxd4 Nxd4 19. Qxd4 Qe7 20. Rae1 Rfd8
21. Qc3 Rd7 22. f4 Bh6 23. e6 fxe6 24. Rxe6 Qf7 25. Qb3 Rdd8 26. g3 c5 27. Qe3
g6 28. Re7 Qd5 29. Qe6+ Qxe6 30. R7xe6 Bg7 31. b3 Bb2 32. a4 bxa4 33. bxa4 Rd4
34. R1e4 Rxe4 35. Rxe4 Bd4+ 36. Kg2 Rb8 37. Ne3 Rb2 38. Kf3 Kf7 39. Nd5 Rxc2
40. Re7+ Kf8 41. Rxh7 Bg7 42. Kg4 Kg8 43. Rh4 Rd2 44. Ne3 Bf6 45. Nc4 Rd4 46.
Ne5 Bxe5 47. Kg5 Kg7 48. f5 Bf6# 0-1

[Event "C.to Regionale Veneto"]
[Site "Arqua' Petrarca ITA"]
[Date "2006.05.14"]
[Round "5"]
[White "Danese, Aldo"]
[Black "Gennari, Leone"]
[Result "1/2-1/2"]
[WhiteElo "1946"]
[BlackElo "2035"]
[PlyCount "47"]
[EventDate "2006.05.06"]

1. Nf3 g6 2. e4 Bg7 3. d4 c6 4. c4 d5 5. e5 Bg4 6. Be3 e6 7. h3 Bxf3 8. Qxf3
Ne7 9. Bd3 O-O 10. O-O Nd7 11. Qe2 c5 12. f4 cxd4 13. Bxd4 Nc6 14. Be3 Nb4 15.
cxd5 Nxd5 16. Nc3 Nxe3 17. Qxe3 Qb6 18. Qxb6 Nxb6 19. Ne4 Rad8 20. Nd6 f6 21.
Be4 fxe5 22. Nxb7 Rd2 23. Nc5 exf4 24. Rad1 1/2-1/2

[Event "C.to Regionale Veneto"]
[Site "Arqua' Petrarca ITA"]
[Date "2006.05.14"]
[Round "5"]
[White "Dussin, Davide"]
[Black "Roberti, Ignazio"]
[Result "1-0"]
[WhiteElo "1718"]
[BlackElo "1946"]
[PlyCount "111"]
[EventDate "2006.05.06"]

1. d4 Nf6 2. c4 e6 3. Nc3 Bb4 4. a3 Bxc3+ 5. bxc3 c5 6. Qc2 Nc6 7. Nf3 d5 8. e3
Ne4 9. Bd3 f5 10. O-O O-O 11. Nd2 cxd4 12. cxd4 Qg5 13. Nf3 Qh5 14. Nd2 Rf6 15.
Qd1 Qh6 16. Nb3 Qh4 17. Qf3 Rh6 18. Qf4 Qe7 19. Bxe4 fxe4 20. cxd5 exd5 21. a4
g5 22. Qg3 Bf5 23. Ba3 Qf6 24. f3 Re8 25. fxe4 Rxe4 26. Qf3 Rg6 27. Qxf5 Qxf5
28. Rxf5 Rxe3 29. Rf3 Rge6 30. Raf1 Rxf3 31. Rxf3 Re1+ 32. Kf2 Rd1 33. Ke3 Rb1
34. Kd2 Rg1 35. Rf2 Rb1 36. Kc2 Re1 37. Bc1 h6 38. Bd2 Re4 39. Kd3 b6 40. Rf6
Ne7 41. Rxh6 Kg7 42. Rh5 g4 43. Re5 Rxe5 44. dxe5 Nf5 45. Bc3 Kf7 46. Nd4 Nh4
47. g3 Ng6 48. Nf5 Ke6 49. Nh6 Nxe5+ 50. Bxe5 Kxe5 51. Nxg4+ Kf5 52. Ne3+ Ke5
53. h4 a6 54. g4 b5 55. axb5 axb5 56. Nc2 1-0

[Event "C.to Regionale Veneto"]
[Site "Arqua' Petrarca ITA"]
[Date "2006.05.14"]
[Round "5"]
[White "Guclu, Yaman"]
[Black "Mileto, Gabriele"]
[Result "0-1"]
[WhiteElo "2027"]
[BlackElo "2182"]
[PlyCount "66"]
[EventDate "2006.05.06"]

1. d4 g6 2. c4 Nf6 3. Nc3 Bg7 4. e4 d6 5. Nf3 O-O 6. Be2 e5 7. O-O Nc6 8. d5
Ne7 9. Ne1 Ne8 10. Nd3 f5 11. f3 Nf6 12. c5 f4 13. cxd6 cxd6 14. Bd2 g5 15. Rc1
Ng6 16. Nf2 Rf7 17. Qa4 h5 18. h3 Bf8 19. Nb5 a6 20. Na3 Nh4 21. Nc4 g4 22. Qa5
Qe8 23. fxg4 hxg4 24. hxg4 Rg7 25. Nb6 Bxg4 26. Bxg4 Nxg4 27. Nxg4 Rxg4 28. Rf2
Qg6 29. Nxa8 Rxg2+ 30. Kf1 Rxf2+ 31. Kxf2 Qg2+ 32. Ke1 Qh1+ 33. Ke2 Qf3+ 0-1

[Event "C.to Regionale Veneto"]
[Site "Arqua' Petrarca ITA"]
[Date "2006.05.14"]
[Round "5"]
[White "Mosconi, Ariel Oscar"]
[Black "Pomaro, Alberto"]
[Result "0-1"]
[WhiteElo "2122"]
[BlackElo "2011"]
[PlyCount "62"]
[EventDate "2006.05.06"]

1. d4 Nf6 2. c4 g6 3. Nc3 Bg7 4. e4 d6 5. f3 O-O 6. Bg5 c6 7. Qd2 Nbd7 8. Nge2
a6 9. g4 b5 10. Ng3 Qc7 11. h4 bxc4 12. h5 d5 13. e5 Nxe5 14. dxe5 Qxe5+ 15.
Nge2 d4 16. O-O-O dxc3 17. Nxc3 Nd5 18. hxg6 Nxc3 19. gxf7+ Rxf7 20. bxc3 Rxf3
21. Bxc4+ Be6 22. Bxe6+ Qxe6 23. Rhe1 Qc4 24. Re3 Bxc3 25. Qd3 Qb4 26. Rh1 Qb2+
27. Kd1 Qa1+ 28. Ke2 Qxh1 29. Qc4+ Rf7 30. Rxc3 Rd8 31. Bd2 Qf1+ 0-1

[Event "C.to Regionale Veneto"]
[Site "Arqua' Petrarca ITA"]
[Date "2006.05.14"]
[Round "5"]
[White "Panciera, Fabio"]
[Black "Valentini, Paola"]
[Result "1-0"]
[WhiteElo "1757"]
[BlackElo "1986"]
[PlyCount "63"]
[EventDate "2006.05.06"]

1. e4 c6 2. d4 d5 3. exd5 cxd5 4. Bd3 g6 5. Bf4 Nc6 6. c3 Bg7 7. Nf3 Nf6 8.
Nbd2 O-O 9. O-O Re8 10. h3 Nd7 11. Re1 f6 12. Qb3 Nf8 13. Bb5 g5 14. Bh2 Ng6
15. Re3 g4 16. hxg4 Bxg4 17. c4 dxc4 18. Qxc4+ Kh8 19. d5 Bxf3 20. Nxf3 Na5 21.
Qb4 Rf8 22. d6 exd6 23. Bxd6 Rf7 24. Re8+ Qxe8 25. Bxe8 Rxe8 26. Qxa5 b6 27.
Qb5 Rc8 28. Re1 Bf8 29. Bxf8 Rfxf8 30. Nd4 Ne5 31. Ne6 Rg8 32. Rxe5 1-0

[Event "C.to Regionale Veneto"]
[Site "Arqua' Petrarca ITA"]
[Date "2006.05.14"]
[Round "5"]
[White "Pechy, Alaster"]
[Black "Andolfatto, Biagio"]
[Result "1-0"]
[WhiteElo "2199"]
[BlackElo "1684"]
[PlyCount "59"]
[EventDate "2006.05.06"]

1. d4 d5 2. c4 e6 3. Nc3 Nf6 4. Bg5 Be7 5. e3 O-O 6. Qc2 c6 7. Nf3 Nbd7 8. Bd3
dxc4 9. Bxc4 Nd5 10. h4 h6 11. Nxd5 exd5 12. Bxe7 Qxe7 13. Bd3 Nf6 14. O-O-O
Ne4 15. Kb1 Bg4 16. Rc1 Bh5 17. Rcg1 Bg6 18. Ne5 Bh7 19. f3 Nf6 20. g4 Bxd3 21.
Qxd3 c5 22. g5 Nh5 23. gxh6 cxd4 24. hxg7 Nxg7 25. h5 Qxe5 26. exd4 Qf4 27. h6
f5 28. hxg7 Rfe8 29. Qb3 Qxd4 30. Qxb7 1-0